Housset Em., L’intelligence de la pitié. Phénoménologie de la communauté, coll. La nuit surveillée, Paris, Cerf, 2003, 22x14, 195 p., 27 €. ISBN 2-204-07093-9 (notice n° 1620828)
[ vue normale ]
| 000 -LEADER | |
|---|---|
| fixed length control field | 00574cam a2200133 4500500 |
| 005 - DATE AND TIME OF LATEST TRANSACTION | |
| control field | 20260111091305.0 |
| 041 ## - LANGUAGE CODE | |
| Language code of text/sound track or separate title | fre |
| 042 ## - AUTHENTICATION CODE | |
| Authentication code | dc |
| 245 00 - TITLE STATEMENT | |
| Title | Housset Em., L’intelligence de la pitié. Phénoménologie de la communauté, coll. La nuit surveillée, Paris, Cerf, 2003, 22x14, 195 p., 27 €. ISBN 2-204-07093-9 |
| 260 ## - PUBLICATION, DISTRIBUTION, ETC. | |
| Date of publication, distribution, etc. | 2005.<br/> |
| 500 ## - GENERAL NOTE | |
| General note | 38 |
| 786 0# - DATA SOURCE ENTRY | |
| Note | Nouvelle revue théologique | 127 | 4 | 2005-12-15 | p. 666a-667a | 0029-4845 |
| 856 41 - ELECTRONIC LOCATION AND ACCESS | |
| Uniform Resource Identifier | <a href="https://shs.cairn.info/revue-nouvelle-revue-theologique-2005-4-page-666a?lang=fr&redirect-ssocas=7080">https://shs.cairn.info/revue-nouvelle-revue-theologique-2005-4-page-666a?lang=fr&redirect-ssocas=7080</a> |
Pas d'exemplaire disponible.




Réseaux sociaux